| 000 | 00658nam a2200193Ia 4500 | ||
|---|---|---|---|
| 003 | GCL | ||
| 008 | 140319s9999 xx 000 0 ara d | ||
| 040 |
_aGCL / _cGCL |
||
| 082 | 0 | 4 |
_aط _b603 _bشم |
| 100 | 1 | _aشربل ,موريس . م .ك | |
| 245 | 1 | 0 |
_aالموسوعة العلمية للصغار / _cشربل ,موريس . م .ك |
| 250 | _aالاولى | ||
| 260 |
_aبيروت : _bدار الشمال للطباعة والنشر والتوزيع ، _c1997 |
||
| 300 |
_a216 ص: _bايض ؛ _c28 سم |
||
| 650 | 0 | 4 | _aالاطفال |
| 650 | 0 | 4 | _aالاطفال - الموسوعات |
| 650 | 0 | 4 | _aالموسوعات العلمية |
| 942 |
_2ddc _cBK |
||
| 999 |
_c8472 _d8472 |
||